000 09974nam a22006977a 4500
005 20100518104511.0
010 _aHIN-89363
020 _c225.00
_a8173153175
035 _aHN-61709
035 _aB-412839-876
037 _bDBAD / PUB
037 _bप्रभात प्रकाशन/ PUB
082 _a070.4
100 _aकौल, जवाहरलाल
_923383
245 _aहिंदी पत्रकारिता का बाजार भाव /
_cजवाहरलाल कौल
246 _aHindi Patrakarita ka Bazar Bhav /
_bby Jawaharlal Kaul
260 _aनई दिल्ली
_bप्रभात प्रकाशन
_c2010
270 _a4/19 आसफ अली रोड
_bनई दिल्ली
_e110002
300 _a262पृ
_c22सेमी (सजिल्द)
942 _2ddc
_cHN
_mकौलज
_h070.4
999 _c36185
_d36185